ARRUPE JESUIT UNIVERSITY

CORONAVIRUS -STOP THE SPREAD - CLEAN,DISINFECT,COVER

Cultural semiosis : (Record no. 123786)

MARC details
000 -LEADER
fixed length control field 01089cam a2200301 a 4500
001 - CONTROL NUMBER
control field 2124959
005 - DATE AND TIME OF LATEST TRANSACTION
control field 20151113113834.0
008 - FIXED-LENGTH DATA ELEMENTS--GENERAL INFORMATION
fixed length control field 970516s1998 nyua b 001 0 eng
010 ## - LIBRARY OF CONGRESS CONTROL NUMBER
LC control number 97021459
020 ## - INTERNATIONAL STANDARD BOOK NUMBER
International Standard Book Number 0415919541
020 ## - INTERNATIONAL STANDARD BOOK NUMBER
International Standard Book Number 041591955X (pbk.)
040 ## - CATALOGING SOURCE
Original cataloging agency DLC
Transcribing agency DLC
Modifying agency DLC
050 00 - LIBRARY OF CONGRESS CALL NUMBER
Classification number B840
Item number .C85 1998
082 00 - DEWEY DECIMAL CLASSIFICATION NUMBER
Classification number 149/.94
Edition number 21
100 ## - MAIN ENTRY--PERSONAL NAME
Personal name Silverman, Hugh J.
Relator term ed.
9 (RLIN) 19606
245 00 - TITLE STATEMENT
Title Cultural semiosis :
Remainder of title tracing the signifier /
Statement of responsibility, etc edited with an introduction by Hugh J. Silverman.
260 ## - PUBLICATION, DISTRIBUTION, ETC. (IMPRINT)
Place of publication, distribution, etc New York :
Name of publisher, distributor, etc Routledge,
Date of publication, distribution, etc 1998.
300 ## - PHYSICAL DESCRIPTION
Extent ix, 325 p. :
Other physical details ill. ;
Dimensions 23 cm.
440 #0 - SERIES STATEMENT/ADDED ENTRY--TITLE
Title Continental philosophy ;
Volume number/sequential designation 6
9 (RLIN) 21088
504 ## - BIBLIOGRAPHY, ETC. NOTE
Bibliography, etc Includes bibliographical references (p. 303-319) and index.
650 #0 - SUBJECT ADDED ENTRY--TOPICAL TERM
Topical term or geographic name as entry element Semiotics.
9 (RLIN) 13027
650 #0 - SUBJECT ADDED ENTRY--TOPICAL TERM
Topical term or geographic name as entry element Semantics (Philosophy)
9 (RLIN) 21089
650 #0 - SUBJECT ADDED ENTRY--TOPICAL TERM
Topical term or geographic name as entry element Culture
General subdivision Semiotic models.
9 (RLIN) 3458
700 1# - ADDED ENTRY--PERSONAL NAME
Personal name Silverman, Hugh J.
9 (RLIN) 19606
906 ## - LOCAL DATA ELEMENT F, LDF (RLIN)
a 7
b cbc
c orignew
d 1
e ocip
f 19
g y-gencatlg
942 ## - ADDED ENTRY ELEMENTS (KOHA)
Source of classification or shelving scheme Library of Congress Classification
Item type Monograph ( Printed materials)
Holdings
Withdrawn status Lost status Source of classification or shelving scheme Damaged status Not for loan Collection code Home library Current library Shelving location Date acquired Total Checkouts Full call number Barcode Date last seen Price effective from Koha item type
    Library of Congress Classification     Main Collection ARRUPE LIBRARY ARRUPE LIBRARY Main Collection 12/11/2015   B840 .C85 1998 46500005594 12/11/2015 12/11/2015 Monograph ( Printed materials)

 

Arrupe Library. PO Box MP320 Mt Pleasant, Harare, Zimbabwe
263 242 745411|librarian@aju.ac.zw